Návrh novej kinematiky 3D tlače

Saved in:
Bibliographic Details
Main Author: Shehata, Samuel (Author)
Other Authors: Matúš, Miloš (Thesis advisor)
Format: Manuscript Book
Language:Slovak
Published: 2023
Subjects:
Online Access:http://is.stuba.sk/zp/portal_zp.pl?podrobnosti=160003
Tags: Add Tag
No Tags, Be the first to tag this record!

MARC

LEADER 00000ntm a22000003a 4500
001 stuzp90979
003 SK-STU
005 20240513115347.7
007 ta
008 150427s2015----xo-----f-mn---000-0-slo-d
040 |a STU  |b slo 
041 0 |a slo 
100 1 |a Shehata, Samuel  |u 020070  |4 aut  |U SjF Strojnícka fakulta  |T SjF Ústav výrobných systémov, enviromentálnej techniky a manažment kvality  |X 106201  |U J0070  |Y 804  |7 106201 
242 0 1 |a Design of a new kinematics of 3D printing  |y eng 
245 1 0 |a Návrh novej kinematiky 3D tlače 
260 |c 2023 
650 4 |a 3D tlač  |2 slo 
650 4 |a aditívna výroba  |2 slo 
650 4 |a kinematika 3D tlače  |2 slo 
650 4 |a aditive manufacturing  |2 eng 
650 4 |a kinematics of 3D printing  |2 eng 
650 4 |a 3D printing  |2 eng 
700 1 |a Matúš, Miloš  |u 020070  |k Z1  |4 ths  |U SjF Strojnícka fakulta  |T SjF Ústav výrobných systémov, enviromentálnej techniky a manažment kvality  |X 21762  |U J0070  |Y 804  |7 21762 
856 4 |u http://is.stuba.sk/zp/portal_zp.pl?podrobnosti=160003 
996 |b 284J047576  |c J* 3698/DBP  |l JJSK  |s A  |a 24  |w stuzp90979_0001